Normal view
MARC view
Entry Personal Name
001 - CONTROL NUMBER
- control field: 53912
003 - CONTROL NUMBER IDENTIFIER
- control field: OSt
005 - DATE AND TIME OF LATEST TRANSACTION
- control field: 20250529114927.0
008 - FIXED-LENGTH DATA ELEMENTS
- fixed length control field: 250529|| aca||aabn | a|a d
040 ## - CATALOGING SOURCE
- Original cataloging agency: OSt
- Transcribing agency: OSt
100 ## - HEADING--PERSONAL NAME
- Personal name: Hulst, Merlijn van and Visser, E. Lianne
670 ## - SOURCE DATA FOUND
- Source citation: Work cat.: (OSt): Hulst, Merlijn van and Visser, E. Lianne , Abductive analysis in qualitative research
